Top 10 QBs of the Superbowl Era - Statistics

General Stats
  • This quiz has been taken 426 times
  • The average score is 9 of 10
Answer Stats
Team(s) Answer % Correct
Colts, Broncos Peyton Manning
99%
Patriots Tom Brady
98%
Saints Drew Brees
96%
49ers Joe Montana
95%
Packers Brett Favre
94%
Broncos John Elway
92%
Dolphins Dan Marino
90%
Packers Bart Starr
76%
Colts Johnny Unitas
68%
Cowboys Roger Staubach
64%
No matching quizzes found
Score Distribution
Percent of People with Each Score
Percentile by Number Answered
Your Score History
You have not taken this quiz